|
|
|
|
| LEADER |
00000nam1a2200000 4500 |
| 001 |
323717 |
| 005 |
20231102003609.0 |
| 035 |
|
|
|a (RuTPU)RU\TPU\book\349304
|
| 090 |
|
|
|a 323717
|
| 100 |
|
|
|a 20161026d1888 m y0rusy50 ca
|
| 101 |
0 |
|
|a rus
|
| 102 |
|
|
|a RU
|
| 200 |
1 |
|
|a Крестьянский вопрос в России в XVIII и первой половине XIX века
|e в 2 т.
|f В. И. Семевский
|
| 210 |
|
|
|a Санкт-Петербург
|c Типография Товарищества "Общественная Польза"
|d 1888
|
| 700 |
|
1 |
|a Семевский
|b В. И.
|c историк
|c основатель и редактор журнала "Голос минувшего"
|f 1848/1949-1916
|g Василий Иванович
|2 stltpush
|3 (RuTPU)RU\TPU\pers\35218
|9 18483
|
| 801 |
|
1 |
|a RU
|b 63413507
|c 20161026
|
| 942 |
|
|
|c BK
|